Catálogo
 En Linea

Casandra Damirón : (Registro nro. 51023)

Detalles MARC
000 -CABECERA
campo de control de longitud fija 02261nam a2200313 a 4500
003 - IDENTIFICADOR DEL NÚMERO DE CONTROL
campo de control DO-SdBNP
005 - FECHA Y HORA DE LA ÚLTIMA TRANSACCIÓN
campo de control 20250502093208.0
007 - CAMPO FIJO DE DESCRIPCIÓN FÍSICA--INFORMACIÓN GENERAL
campo de control de longitud fija ta
008 - DATOS DE LONGITUD FIJA--INFORMACIÓN GENERAL
campo de control de longitud fija 211123b2019 dr ac||| |||| 00| 0 spa d
020 ## - NÚMERO INTERNACIONAL ESTÁNDAR DEL LIBRO
Número Internacional Estándar del Libro 9789945804393
040 ## - FUENTE DE LA CATALOGACIÓN
Centro catalogador/agencia de origen DO-SdBNP
Lengua de catalogación spa
Centro/agencia transcriptor BNPHU
082 #4 - NÚMERO DE LA CLASIFICACIÓN DECIMAL DEWEY
Número de clasificación 927.826
Número de documento/Ítem D159L, 2019
Número de edición 22
100 1# - ENTRADA PRINCIPAL--NOMBRE DE PERSONA
Nombre de persona López Reyes, Oscar,
Fechas asociadas al nombre 1952-
9 (RLIN) 11261
245 10 - MENCIÓN DE TÍTULO
Título Casandra Damirón :
Resto del título vida y canto /
Mención de responsabilidad, etc. Oscar López Reyes ; prólogo José Andrés Moreta Damirón.
250 ## - MENCIÓN DE EDICIÓN
Mención de edición 3ra. ed.
260 ## - PUBLICACIÓN, DISTRIBUCIÓN, ETC.
Lugar de publicación, distribución, etc. Santo Domingo :
Nombre del editor, distribuidor, etc. Búho,
Fecha de publicación, distribución, etc. 2019.
300 ## - DESCRIPCIÓN FÍSICA
Extensión 189 p. :
Otras características físicas il., retrs. ;
Dimensiones 23 cm.
500 ## - NOTA GENERAL
Nota general Incluye datos biográficos del autor en la solapa.
504 ## - NOTA DE BIBLIOGRAFÍA, ETC.
Nota de bibliografía, etc. Bibliografía : p. 188-189
505 0# - NOTA DE CONTENIDO CON FORMATO
Nota de contenido con formato Prólogo (A las últimas ediciones) -- Prólogo (A la primera edición) -- Introducción -- Advenimiento a la vida -- Bayonetas, riquezas y belleza -- Carrera artística -- A 6 años canta en escuela e iglesia -- Un debut de proyecciones exitosas -- La Voz del Yuna, hacia el estrellato -- Primera temporada fuera de su suelo -- Alborozos y función en Barahona -- El arte plantea unión matrimonial -- Reviste de esplendor bailes típicos -- ¡Albricias!, aviva en CMQ, La Habana -- Huellas rutilantes en dos décadas -- Programa de TV, enseñanza y discos -- La chismosa y una orden de ultraje -- Amorosa, consejera y dominicanista -- En el ocaso de su vida -- Faenas entre el hogar y las danzas -- Madrugada con soledad paciente... Final -- Testimonios de figuras en su despedida -- Voces de los diarios dominicanos -- Placas, copas y pergaminos -- Expresiones de reconocimientos y afectos -- Música e identidad nacional -- Estilización de la danza típica -- Protagonista del siglo XX y herencia -- Sobredimensionada tras su partida -- Herencia biológica y satisfacción --Fotografías -- Citas bibliográficas -- Consultas a personas y medios.
590 ## - NOTA LOCAL (RLIN)
Nota local Inventariado, 2021 /LP<br/><br/>
600 #0 - PUNTO DE ACCESO ADICIONAL DE MATERIA--NOMBRE DE PERSONA
Nombre de persona Damirón, Casandra,
Fechas asociadas al nombre 1919-1983
9 (RLIN) 34233
650 #4 - PUNTO DE ACCESO ADICIONAL DE MATERIA--TÉRMINO DE MATERIA
Término de materia o nombre geográfico como elemento de entrada Artistas dominicanos
9 (RLIN) 34234
Subdivisión de forma Biografias
650 #4 - PUNTO DE ACCESO ADICIONAL DE MATERIA--TÉRMINO DE MATERIA
Término de materia o nombre geográfico como elemento de entrada Cantantes dominicanos
Subdivisión de forma Biografías
9 (RLIN) 83430
700 1# - PUNTO DE ACCESO ADICIONAL--NOMBRE DE PERSONA
Nombre de persona Jiménez Jiménez, Manuel,
Término indicativo de función/relación pról.
9 (RLIN) 34235
700 1# - PUNTO DE ACCESO ADICIONAL--NOMBRE DE PERSONA
Nombre de persona Moreta Damirón, José Andrés,
Término indicativo de función/relación pról.
9 (RLIN) 34236
910 ## - DATOS DE OPCIÓN DEL USUARIO (OCLC)
Datos de opción del usuario Lopérez./Validado. Control de calidad MFF
942 ## - ELEMENTOS DE PUNTO DE ACCESO ADICIONAL (KOHA)
Fuente del sistema de clasificación o colocación Dewey Decimal Classification
Tipo de ítem Koha Libro
Existencias
Estado de retiro Estado de pérdida Fuente del sistema de clasificación o colocación Restricciones de uso No para préstamo Código de colección Localización permanente Ubicación/localización actual Ubicación en estantería Fecha de adquisición Fuente de adquisición Signatura topográfica completa Código de barras Fecha visto por última vez Precio válido a partir de Tipo de ítem Koha Número de copia
    Dewey Decimal Classification Excluido de préstamo   Patrimonio Dominicano Biblioteca Nacional Pedro Henríquez Ureña Biblioteca Nacional Pedro Henríquez Ureña Depósito 23.11.2021 Depósito Legal BNPHU PD 927.826 D159L 2019 2021-28291 23.11.2021 23.11.2021 Libro  
    Dewey Decimal Classification Excluido de préstamo   Patrimonio Dominicano Biblioteca Nacional Pedro Henríquez Ureña Biblioteca Nacional Pedro Henríquez Ureña Depósito 23.11.2021 Depósito Legal BNPHU PD 927.826 D159L 2019 2021-28292 23.11.2021 23.11.2021 Libro e.2
    Dewey Decimal Classification Préstamo en sala   Dominicana de Servicio Biblioteca Nacional Pedro Henríquez Ureña Biblioteca Nacional Pedro Henríquez Ureña Depósito 23.11.2021 Depósito Legal BNPHU DS 927.826 D159L 2019 2021-28293 23.11.2021 23.11.2021 Libro e.3
    Dewey Decimal Classification Préstamo en sala   Dominicana de Servicio Biblioteca Nacional Pedro Henríquez Ureña Biblioteca Nacional Pedro Henríquez Ureña Depósito 03.03.2022 Donación BNPHU DS 927.826 D159L 2019 2022-0846 03.03.2022 03.03.2022 Libro e.4
    Dewey Decimal Classification Préstamo en sala   Dominicana de Servicio Biblioteca Nacional Pedro Henríquez Ureña Biblioteca Nacional Pedro Henríquez Ureña Depósito 03.03.2022 Donación BNPHU DS 927.826 D159L 2019 2022-0847 03.03.2022 03.03.2022 Libro e.5

Con tecnología Koha